[Event "ch-FRA National 1"]
[Site "Lille FRA"]
[Date "2005.05.06"]
[Round "9"]
[White "Deslandes,P"]
[Black "Julve,P"]
[Result "1/2-1/2"]
[WhiteElo "2276"]
[BlackElo "2261"]

1.e4 c5 2.c3 Nf6 3.e5 Nd5 4.d4 cxd4 5.Nf3 e6 6.cxd4 b6 7.Bd3 Ba6 8.O-O Bxd3
9.Qxd3 Nc6 10.Nc3 Nxc3 11.bxc3 d5 12.exd6 Bxd6 13.Qe4 Ne7 14.c4 O-O 15.Bb2 Re8
16.h4 Rc8 17.Rac1 Ng6 18.g3 Qd7 19.h5 Nf8 20.h6 Ng6 21.Ne5 Bxe5 22.dxe5 Qd2
23.Rc2 Qxh6 24.Rd1 Red8 25.Rd6 Qg5 26.Qd4 h5 27.Rd2 Rf8 28.Rd7 h4 29.Kg2 hxg3
30.fxg3 Rc5 31.Ba3 Rxe5 32.Bxf8 Re3 33.Bd6 e5 34.Bxe5 Nxe5 35.Rd8+ Kh7 36.Qf4 Qxf4
37.gxf4 Nxc4 38.Rc2 b5 39.Rd7 Ra3 40.Kf2 Kg6 41.Rd5 a6 42.Rc5 Kf6 43.Re2 g6
44.Rg5 Nd6 45.Rd5 Nf5 46.Red2 Ra4 47.Kf3 Rc4 48.R2d3 Ra4 49.Rd2 Ng7 50.R5d4 Ra5
51.a4 Ne6 52.Rb4 bxa4 53.Ra2 Nc5 54.Kg4 a3 55.Rc4 Ne6 56.Re4 Ke7 57.Kg3 Kd6
58.Re3 Ra4 59.Rexa3 Rxa3+ 60.Rxa3 Nc5 61.Kf3 Kd5 62.Ke3 Kc4 63.Ra1 Kb4 64.f5 gxf5
65.Kf4 a5 66.Kxf5 a4 67.Kf6 Nb3  1/2-1/2

[Event "FSGM May"]
[Site "Budapest HUN"]
[Date "2005.05.10"]
[Round "4"]
[White "Seger,R"]
[Black "Gonda,L"]
[Result "1/2-1/2"]
[WhiteElo "2416"]
[BlackElo "2416"]

1.e4 c5 2.c3 Nf6 3.e5 Nd5 4.d4 cxd4 5.Nf3 Nc6 6.cxd4 d6 7.Bc4 dxe5 8.dxe5 Ndb4
9.Qxd8+ Nxd8 10.Na3 a6 11.Bd2 e6 12.Ke2 b5 13.Bb3 Bb7 14.Nc2 Ndc6 15.Nxb4 Bxb4
16.Bxb4 Nxb4 17.Rhd1 Ke7 18.a4 Rhd8 19.Nd4 Nc6 20.Nxc6+  1/2-1/2

[Event "Huila Centenary"]
[Site "Neiva COL"]
[Date "2005.05.10"]
[Round "1"]
[White "Tiviakov,S"]
[Black "Castano,D"]
[Result "1-0"]
[WhiteElo "2631"]
[BlackElo "2332"]

1.e4 c5 2.c3 Nf6 3.e5 Nd5 4.Nf3 e6 5.Bc4 Nb6 6.Bb3 d6 7.exd6 Bxd6 8.d4 cxd4
9.Qxd4 O-O 10.O-O Nc6 11.Qe4 Ne7 12.Ng5 Ng6 13.h4 Re8 14.h5 Nf8 15.Rd1 Qc7
16.h6 g6 17.Na3 Bd7 18.Nf3 Bxa3 19.bxa3 Bc6 20.Qd4 e5 21.Qh4 Bxf3 22.Qf6 Ne6
23.Qxf3 f5 24.a4 Kh8 25.a5 Nd7 26.Bxe6 Rxe6 27.Qd5 Nc5 28.Ba3 Rc6 29.a6 Rb8
30.axb7 Nxb7 31.Rab1 Rc8 32.Rxb7  1-0

[Event "Victory Cup"]
[Site "Alushta UKR"]
[Date "2005.05.12"]
[Round "1"]
[White "Semiev,S"]
[Black "Annaberdyev,Bay"]
[Result "0-1"]
[WhiteElo "2287"]
[BlackElo "2335"]

1.e4 c5 2.c3 Nf6 3.e5 Nd5 4.d4 cxd4 5.cxd4 d6 6.Nf3 Nc6 7.Bc4 Nb6 8.Bb3 dxe5
9.dxe5 Qxd1+ 10.Bxd1 Bg4 11.O-O O-O-O 12.Nbd2 e6 13.h3 Bh5 14.g4 Bg6 15.a3 h5
16.g5 h4 17.b4 Nd5 18.b5 Nce7 19.Re1 Bd3 20.a4 Ng6 21.Ba3 Ndf4 22.Bxf8 Rhxf8
23.Kh2 Bf5 24.Rc1+ Kb8 25.Bc2 Bxh3 26.Bxg6 fxg6 27.Rc4 Bg4 28.Ree4 Bxf3 29.Rxf4 Rxf4
30.Rxf4 Rxd2 31.Rxf3 Kc7 32.Kh3 Kb6 33.Rf7 Rd4 34.a5+ Kxa5 35.Rxb7 Rf4 36.Rxa7+ Kxb5
37.Rxg7 Rxf2 38.Kxh4 Kc5 39.Rxg6 Kd5 40.Rg8 Kxe5 41.g6 Rg2 42.Kh5 Kf6 43.g7 Kf7  0-1

[Event "Huila Centenary"]
[Site "Neiva COL"]
[Date "2005.05.12"]
[Round "4"]
[White "Espinosa,J"]
[Black "Cuartas,Jo"]
[Result "0-1"]
[WhiteElo "2315"]
[BlackElo "2131"]

1.e4 c5 2.c3 Nf6 3.d3 d5 4.Nd2 e6 5.Ngf3 Nc6 6.Be2 Be7 7.O-O O-O 8.Re1 d4
9.Bf1 e5 10.Nc4 Nd7 11.a4 b6 12.g3 Ba6 13.Bh3 Bxc4 14.dxc4 Bf6 15.Qe2 Qe7
16.Nd2 Bg5 17.f4 exf4 18.Nf3 Nde5 19.gxf4 Nxf3+ 20.Qxf3 Bh4 21.Re2 dxc3 22.bxc3 Na5
23.Rb1 Rae8 24.e5 f6 25.Qd5+ Kh8 26.Bd7 Rd8 27.e6 f5 28.Bd2 Rb8 29.Kh1 Nb7
30.Be1 Bxe1 31.Rbxe1 Nd6 32.Re5 Rf6 33.Bc6 Rh6 34.Qd3 Rc8 35.Bd5 Re8 36.R1e2 Rf6
37.Bc6 Rc8 38.Bd5 Re8 39.Kg2 h6 40.Kf1 Ref8 41.Qg3 Ne4 42.Qh3 Kg8 43.Ke1 a6
44.Bxe4 fxe4 45.f5 Kh7 46.R2xe4 b5 47.Rd5 Qb7 48.e7 Re8 49.Qh5 Rxe7 50.Qe2 Rxe4
51.Qxe4 bxa4 52.Qc2 a3 53.Kd1 Qb6 54.Qa2 Qa5  0-1

[Event "Victory Cup"]
[Site "Alushta UKR"]
[Date "2005.05.13"]
[Round "2"]
[White "Kharchenko,B"]
[Black "Zinchenko,Ya"]
[Result "1-0"]
[WhiteElo "2313"]
[BlackElo "2460"]

1.e4 c5 2.c3 Nf6 3.e5 Nd5 4.d4 cxd4 5.Nf3 Nc6 6.Bc4 e6 7.cxd4 d6 8.O-O Be7
9.Qe2 O-O 10.a3 Qb6 11.Qe4 Na5 12.Nbd2 Nxc4 13.Nxc4 Qc7 14.Ne3 Nxe3 15.Bxe3 Bd7
16.Ng5 Bxg5 17.Bxg5 Bc6 18.Qg4 Kh8 19.Rfe1 f5 20.exf6 gxf6 21.Bh4 f5 22.Qf4 Bd5
23.Re3 Rac8 24.Rc3 Qg7 25.Rg3 Qd7 26.Re1 a5 27.h3 Rc2 28.Qh6 Qf7 29.Rg6  1-0

[Event "ch-LTU"]
[Site "Siauliai LTU"]
[Date "2005.05.13"]
[Round "10"]
[White "Novikov,Vi"]
[Black "Chocenka,D"]
[Result "1-0"]
[WhiteElo "2338"]
[BlackElo "2245"]

1.e4 c5 2.c3 Nf6 3.e5 Nd5 4.Nf3 e6 5.Bc4 d6 6.d4 dxe5 7.dxe5 Be7 8.O-O O-O
9.Qe2 b6 10.Bd3 g6 11.Rd1 Qc7 12.a3 Bd8 13.c4 Ne7 14.Nc3 Bb7 15.Nb5 Qc6 16.Bh6 Nf5
17.Bxf5  1-0

[Event "FSGM May"]
[Site "Budapest HUN"]
[Date "2005.05.15"]
[Round "9"]
[White "Kun,G"]
[Black "Nguyen Ngoc Truongson"]
[Result "1-0"]
[WhiteElo "2336"]
[BlackElo "2527"]

1.e4 c5 2.c3 Nf6 3.e5 Nd5 4.d4 cxd4 5.Nf3 Nc6 6.cxd4 d6 7.Bc4 Nb6 8.Bb3 d5
9.Be3 Bg4 10.h3 Bh5 11.g4 Bg6 12.e6 Qd6 13.exf7+ Bxf7 14.Nc3 O-O-O 15.Qe2 Nc4
16.Ng5 Bg8 17.f4 h6 18.Nf3 g5 19.fxg5 hxg5 20.O-O-O Nxe3 21.Qxe3 Bg7 22.Kb1 Kb8
23.Nxg5 Na5 24.h4 a6 25.Ne2 Ka8 26.Ng3 Qd7 27.Nf5 Bf6 28.Qc3 Nc6 29.Ba4 b5
30.Bb3 e6 31.Ng3 Kb7 32.Nh5 Be7 33.Qe3 a5 34.a3 a4 35.Bc2 Kb6 36.Nf4 e5 37.dxe5+ d4
38.Qe4 Bc4 39.e6 Qa7 40.Bd3 Bxg5 41.hxg5 Qg7 42.Bxc4 bxc4 43.Nd5+ Kc5 44.Rxh8 Rxh8
45.e7 Re8 46.Nf6 Rxe7 47.Qd5+ Kb6 48.Qxc4 Re5 49.Nd5+ Rxd5 50.Qxd5 Qh7+ 51.Qf5  1-0

[Event "62nd ch-GEO w"]
[Site "Tblisi GEO"]
[Date "2005.05.15"]
[Round "10"]
[White "Gurieli,N"]
[Black "Dzagnidze,N"]
[Result "0-1"]
[WhiteElo "2348"]
[BlackElo "2482"]

1.e4 c5 2.c3 Nf6 3.e5 Nd5 4.d4 cxd4 5.cxd4 e6 6.Nf3 b6 7.Nc3 Nxc3 8.bxc3 Bb7
9.Bd3 Be7 10.O-O Nc6 11.Qe2 Rc8 12.Bf4 Na5 13.Rac1 O-O 14.Rfd1 d5 15.h4 Bc6
16.Ng5 h6 17.Qh5 Be8 18.Bh7+ Kh8 19.Qg4 Bxg5 20.Bxg5 f5 21.exf6 hxg5 22.hxg5 Kxh7
23.Rd3 Rxf6 24.gxf6 Qxf6 25.Re1 Rc6 26.Rf3 Qe7 27.Re5 Nc4 28.Rg5 Nd6 29.Rh3+ Kg8
30.Qh4 Nf5 31.Qh7+ Kf8 32.Qh8+ Kf7 33.Rhg3 Qf8  0-1

[Event "ch-UKR sf"]
[Site "Alushta UKR"]
[Date "2005.05.16"]
[Round "1"]
[White "Stoockalov,V"]
[Black "Nazarevskiy,S"]
[Result "1-0"]
[WhiteElo "2347"]
[BlackElo "2146"]

1.e4 c5 2.c3 Nf6 3.e5 Nd5 4.Nf3 Nc6 5.Bc4 Nb6 6.Bb3 c4 7.Bc2 Qc7 8.Qe2 e6
9.d4 cxd3 10.Bxd3 d6 11.exd6 Bxd6 12.O-O Bd7 13.Nbd2 Nd5 14.g3 f6 15.Nc4 Be7
16.Be4 Nb6 17.Nfd2 O-O-O 18.Nxb6+ Qxb6 19.Nc4 Qc7 20.a4 Ne5 21.Nxe5 Qxe5
22.Bf4 Qc5 23.b4 Qb6 24.Qc4+ Bc6 25.b5  1-0

[Event "ch-UKR sf"]
[Site "Alushta UKR"]
[Date "2005.05.16"]
[Round "1"]
[White "Viliavin,R"]
[Black "Gasanov,E"]
[Result "1/2-1/2"]
[WhiteElo "2249"]
[BlackElo "2438"]

1.e4 c5 2.c3 Nf6 3.e5 Nd5 4.Nf3 Nc6 5.d4 cxd4 6.Bc4 Nb6 7.Bb3 g6 8.Ng5 d5
9.exd6 e6 10.Qf3 Ne5 11.Qh3 Bxd6 12.O-O Be7 13.f4 Nc6 14.Nxf7 Kxf7 15.f5 Ke8
16.fxg6 Nd5 17.g7 Rg8 18.Qh5+ Kd7 19.Bxd5 exd5 20.Qxd5+ Kc7 21.Bf4+ Kb6 22.Qb3+ Ka6
23.Bc7 Qxc7 24.Qxg8 Ne5 25.Qd5 Ng4 26.g3 Nh6 27.Na3 Bd7 28.Rae1 Ng8 29.Re6+ b6
30.Rxe7 Nxe7 31.Qxa8 Qe5 32.g8=Q Qe3+ 33.Rf2 Qe1+ 34.Rf1 Qe3+ 35.Rf2 Qe1+
36.Rf1  1/2-1/2

[Event "53rd ch-HUN w"]
[Site "Szeged HUN"]
[Date "2005.05.16"]
[Round "5"]
[White "Schneider,Ve"]
[Black "Gara,T"]
[Result "1-0"]
[WhiteElo "2241"]
[BlackElo "2296"]

1.e4 c5 2.c3 Nf6 3.e5 Nd5 4.Nf3 e6 5.d4 cxd4 6.cxd4 b6 7.Nc3 Nxc3 8.bxc3 Qc7
9.Bd2 d6 10.Bd3 Nd7 11.O-O Bb7 12.Ng5 dxe5 13.Qh5 g6 14.Qh3 Be7 15.Rfe1 Rf8
16.Qxh7 Nf6 17.Qh3 exd4 18.cxd4 Qd7 19.Rxe6 Nd5 20.Rae1 O-O-O 21.Bb5 Qxb5
22.Rxe7+ f5 23.Rg7 Qb2 24.Rc1+ Kb8 25.Qh7 Ba8 26.Nf3 Rc8 27.Rxc8+ Rxc8 28.h4 Qxa2
29.Qxg6 Nc7 30.Bf4 Bxf3 31.gxf3 Qa1+ 32.Kg2 Qxd4 33.Qg3  1-0

[Event "ch-UKR sf"]
[Site "Alushta UKR"]
[Date "2005.05.17"]
[Round "2"]
[White "Kravchenko,Oles"]
[Black "Baranov,J"]
[Result "1/2-1/2"]
[WhiteElo "2134"]
[BlackElo "2279"]

1.e4 c5 2.c3 Nf6 3.e5 Nd5 4.d4 cxd4 5.cxd4 d6 6.Nf3 Nc6 7.Bc4 Nb6 8.Bb5 Bd7
9.exd6 e6 10.Bg5 Qb8 11.O-O Bxd6 12.Nc3 O-O 13.Qe2 Nb4 14.Bxd7 Nxd7 15.a3 Nc6
16.Rad1 Re8 17.Qd3 h6 18.Bh4 Ne7 19.d5 e5 20.Bxe7 Rxe7 21.Ne4 Nc5 22.Nxc5 Bxc5
23.Rfe1 Bd6 24.g3 Qe8 25.Nd2 Rd8 26.Nc4 Qd7 27.Kg2 Rde8 28.f3 b6 29.Rd2  1/2-1/2

[Event "FSGM May"]
[Site "Budapest HUN"]
[Date "2005.05.17"]
[Round "11"]
[White "Seger,R"]
[Black "Nguyen Ngoc Truongson"]
[Result "1/2-1/2"]
[WhiteElo "2416"]
[BlackElo "2527"]

1.e4 c5 2.c3 Nf6 3.e5 Nd5 4.d4 cxd4 5.Nf3 Nc6 6.cxd4 d6 7.Bc4 Nb6 8.Bb5 Bd7
9.exd6 e6 10.Bg5 f6 11.Bd2 Bxd6 12.O-O O-O 13.Nc3 Nb4 14.Qb3 a6 15.Bxd7 Qxd7
16.Ne4 N6d5 17.Bxb4 Bxb4 18.a3 Be7 19.Nc3 Rac8 20.Rfe1 Rc7 21.Nxd5 Qxd5 22.Qxd5 exd5
23.Nd2 Bd6 24.Nf1 Rd8 25.Ne3 Kf7 26.Rac1 Rcd7 27.h3 g6 28.Kf1  1/2-1/2

[Event "Capablanca Mem Premier 1"]
[Site "Havana CUB"]
[Date "2005.05.17"]
[Round "11"]
[White "Mosquera,M"]
[Black "Ortega,Mariano"]
[Result "1-0"]
[WhiteElo "2434"]
[BlackElo "2411"]

1.e4 c5 2.c3 Nf6 3.e5 Nd5 4.d4 cxd4 5.Nf3 Nc6 6.Bc4 Nb6 7.Bb3 d5 8.exd6 Qxd6
9.O-O Bf5 10.cxd4 e6 11.Nc3 Be7 12.a4 O-O 13.a5 Nd5 14.a6 bxa6 15.Nxd5 exd5
16.Rxa6 Bc8 17.Ra4 Bg4 18.h3 Bf5 19.Bd2 Qg6 20.Kh1 Be4 21.Ne1 Bd6 22.Bc3 Rab8
23.Bc2 Qf5 24.Bxe4 dxe4 25.Nc2 Qf4 26.g3 Qh6 27.Kg2 f5 28.f4 exf3+ 29.Qxf3 Qg6
30.Rf2 Rb6 31.Ne1 Ne7 32.Rxa7 f4 33.Qg4 Qe4+ 34.Qf3 Qg6 35.Qg4 Qe4+ 36.Qf3 Qg6
37.g4 Nf5 38.Kh1 Nh4 39.Qd3 Qg5 40.Qc4+ Kh8 41.d5 Be5 42.Qc5 Rbf6 43.d6 Re6
44.d7 Rg8 45.Ra5 Qg6 46.Bxe5 Qe4+ 47.Kh2 Qxe1 48.Ra8 Rxe5 49.Rxg8+ Kxg8 50.d8=Q+  1-0

[Event "ch-UKR w"]
[Site "Alushta UKR"]
[Date "2005.05.18"]
[Round "3"]
[White "Goreskul,A"]
[Black "Dvoretska,O"]
[Result "1-0"]
[WhiteElo "2323"]
[BlackElo "2166"]

1.e4 c5 2.c3 Nf6 3.e5 Nd5 4.g3 d6 5.exd6 e6 6.Bg2 Bxd6 7.Nf3 Nc6 8.O-O O-O
9.d4 cxd4 10.Nxd4 Bd7 11.c4 Nde7 12.Nb5 Be5 13.N1a3 a6 14.Nd6 Qc7 15.c5 Rad8
16.Nac4 Bf6 17.Be3 Bc8 18.Qb3 Nd4 19.Qb6 Qxb6 20.Nxb6 Nc2 21.Rac1 Nxe3 22.fxe3 Bxb2
23.Rc2 Ba3 24.Nbxc8 Nxc8 25.Nxb7 Rd3 26.Kf2 f5 27.Ke2 Rd7 28.Rb1 e5 29.Rc3 Bxc5
30.Nxc5 Rd6 31.Ne6 Rxe6 32.Bd5 Kf7 33.Rc6  1-0

[Event "ch-UKR sf"]
[Site "Alushta UKR"]
[Date "2005.05.19"]
[Round "4"]
[White "Vasiliev,M"]
[Black "Nechaev,An"]
[Result "0-1"]
[WhiteElo "2213"]
[BlackElo "2393"]

1.e4 c5 2.c3 Nf6 3.e5 Nd5 4.d4 cxd4 5.Nf3 e6 6.cxd4 b6 7.Nc3 Nxc3 8.bxc3 Qc7
9.Bd2 d6 10.Bd3 Nd7 11.Qa4 Bb7 12.Bb5 a6 13.exd6 Bxd6 14.Bxd7+ Qxd7 15.Qxd7+ Kxd7
16.Ne5+ Ke7 17.O-O Rhc8 18.Rfb1 b5 19.a4 f6 20.Ng4 Bc6 21.axb5 axb5 22.Ne3 Ra4
23.Rxa4 bxa4 24.Nc4 a3 25.Nxd6 Kxd6 26.Ra1 Ra8 27.c4 a2 28.Kf1 Be4 29.Ke2 Bxg2
30.Bb4+ Kc6 31.Kd3 Bh3 32.Kc3 Bf5 33.Kb2 Bb1 34.Kc3 h5 35.Kb3 Rh8 36.Bd2 h4
37.f4 Rh5 38.Kb4 Rf5  0-1

[Event "Chigorin CC"]
[Site "St Petersburg RUS"]
[Date "2005.05.19"]
[Round "4"]
[White "Melnikov,N1"]
[Black "Prosunchikov,G"]
[Result "0-1"]
[WhiteElo "1847"]
[BlackElo "1990"]

1.e4 c5 2.c3 Nf6 3.e5 Nd5 4.d4 cxd4 5.cxd4 e6 6.Nf3 Bb4+ 7.Bd2 Nc6 8.a3 Qa5
9.Bc4 O-O 10.O-O Bxd2 11.Qxd2 Qxd2 12.Nbxd2 Nce7 13.Ne4 f5 14.Nd6 a6 15.Rfc1 b5
16.Ba2 Rb8 17.b4 Bb7 18.Nxb7 Rxb7 19.Bxd5 Nxd5 20.Rc5 Ra8 21.Rb1 h6 22.Kf1 g5
23.Ne1 Kf7 24.Nd3 Kg6 25.Rbc1 Rbb8 26.R5c2 Kf7 27.g3 Ke7 28.Ke2 Kd8 29.h3 h5
30.h4 g4 31.f3 a5 32.fxg4 fxg4 33.Rf1 Ke7 34.Nf4 Nxf4+ 35.Rxf4 axb4 36.axb4 Ra3
37.Rf6 Rxg3 38.Kf2 Rh3 39.Kg2 Rf8 40.Rc5 Rxh4 41.Rxf8 Kxf8 42.d5 exd5 43.Rxd5 Ke7
44.Rxb5 Rh3 45.Rc5 Ke6 46.Rb5 h4 47.Rc5 Rb3 48.b5 Rb2+ 49.Kg1 h3 50.Rc3 Kxe5  0-1

[Event "ch-UKR sf"]
[Site "Alushta UKR"]
[Date "2005.05.20"]
[Round "5"]
[White "Fingerov,D"]
[Black "Andrejchuk,V"]
[Result "1-0"]
[WhiteElo "2361"]
[BlackElo "2162"]

1.e4 c5 2.c3 Nf6 3.Qa4 Nc6 4.Nf3 Qc7 5.Na3 e5 6.Bb5 a6 7.O-O Be7 8.Re1 O-O
9.h3 d6 10.Bxc6 bxc6 11.Nc4 Be6 12.d4 Bxc4 13.Qxc4 d5 14.Qa4 Nxe4 15.dxe5 f6
16.Bf4 f5 17.h4 g6 18.Rad1 Rfb8 19.Qc2 Rb7 20.c4 d4 21.Ng5 Bxg5 22.hxg5 Rab8
23.Qc1 Rxb2 24.e6 Qe7 25.Bxb8 Rxb8 26.Qf4 Re8 27.Rb1 d3 28.Rbd1 Rd8 29.Re3 Nc3
30.Rd2 Ne2+ 31.Rexe2 dxe2 32.Rxe2 Kf8 33.g3 Kg8 34.Kg2 Re8 35.Qd2 Kf8 36.Qc3 Kg8
37.Qf6 Qg7 38.a4 Rf8 39.e7 Re8 40.Qxc6 Qf7 41.Qxc5 f4 42.Qd5 f3+ 43.Qxf3 Qxc4
44.Qe4 Qc8 45.f4 Kf7 46.Qd5+ Kg7 47.Qe5+ Kf7 48.Qf6+ Kg8 49.Qe6+ Qxe6 50.Rxe6 Kf7
51.Re5 h6 52.gxh6 Kg8 53.g4 Kh7 54.g5 a5 55.Kf3 Rb8 56.f5  1-0

[Event "VII Open"]
[Site "Salou ESP"]
[Date "2005.05.20"]
[Round "1"]
[White "Bjarnason,O"]
[Black "Korneev,O"]
[Result "0-1"]
[WhiteElo "2256"]
[BlackElo "2611"]

1.e4 c5 2.c3 Nf6 3.e5 Nd5 4.d4 cxd4 5.cxd4 e6 6.Nf3 d6 7.Bc4 Nb6 8.Bd3 dxe5
9.Nxe5 N8d7 10.O-O Nxe5 11.dxe5 Bd7 12.Be4 Qc7 13.Qf3 Bc6 14.Bxc6+ Qxc6 15.Qxc6+ bxc6
16.Nc3 h6 17.Ne4 O-O-O 18.Be3 Rd5 19.f4 Rb5 20.Rfc1 Rb4 21.Bxb6 axb6 22.Nd6+ Kc7
23.Rc4 Rxc4 24.Nxc4 Bc5+ 25.Kf1 g5 26.Re1 b5 27.Nd6 Bxd6 28.exd6+ Kxd6 29.Rd1+ Kc7
30.fxg5 hxg5 31.h3 b4 32.Ke2 Ra8 33.Ra1 c5 34.g3 f5 35.h4 gxh4 36.gxh4 Kd6
37.a4 bxa3 38.bxa3 Ra4 39.Rh1 Rxa3 40.h5 Ra7 41.Kf3 Ke5 42.Kg3 Kf6 43.Kh4 c4
44.Rc1 Rc7 45.Rc3 e5  0-1

[Event "ch-UKR sf"]
[Site "Alushta UKR"]
[Date "2005.05.21"]
[Round "6"]
[White "Stets,V"]
[Black "Bodnar,N"]
[Result "0-1"]
[WhiteElo "2400"]
[BlackElo "2326"]

1.e4 c5 2.c3 Nf6 3.e5 Nd5 4.d4 cxd4 5.Nf3 Nc6 6.cxd4 g6 7.Bc4 Nb6 8.Bb3 Bg7
9.O-O O-O 10.Bf4 d6 11.exd6 exd6 12.h3 Na5 13.Bc2 Nd5 14.Bg3 Qb6 15.b3 Re8
16.Qd2 Nb4 17.Na3 Nxc2 18.Nxc2 Bf5 19.Ne3 Be4 20.b4 Nc6 21.Nc4 Qd8 22.Ng5 d5
23.Nd6 Re7 24.Rae1 Nxd4 25.Kh1 Rd7 26.f3 Nf5  0-1

[Event "HB Global CC"]
[Site "Minneapolis USA"]
[Date "2005.05.21"]
[Round "7"]
[White "Howell,D"]
[Black "Lawson,E"]
[Result "1/2-1/2"]
[WhiteElo "2416"]
[BlackElo "2367"]

1.e4 c5 2.c3 Nf6 3.e5 Nd5 4.d4 cxd4 5.Nf3 e6 6.Bc4 Nb6 7.Bb3 d6 8.cxd4 Bd7
9.Nc3 Bc6 10.O-O Be7 11.Bf4 O-O 12.Re1 dxe5 13.Nxe5 Nd5 14.Bg3 Nf6 15.Qe2 Bd5
16.Nxd5 exd5 17.Qb5 Qb6 18.Qxb6 axb6 19.Rac1 Bd6 20.Ng4 Bxg3 21.Nxf6+ gxf6
22.fxg3 Rd8 23.Rc7 Nc6 24.Rxb7 Nxd4 25.Rxb6 Nxb3 26.axb3 Rab8 27.Rxf6 Rxb3
28.Re7 Rf8 29.Rf2 Rd3 30.h3 Rxg3 31.Rd7 Rd3 32.Kh2 f6 33.Rf5 Rb3 34.Rf2 Rb5
35.Rd2 Rfb8 36.Rd4 R8b7 37.Rd8+ Kf7 38.Rh4 Kg7 39.Rg4+ Kf7 40.Rh4 Kg7 41.Rd6 Rb4  1/2-1/2

[Event "TCh-ROM A"]
[Site "Tusnad ROM"]
[Date "2005.05.21"]
[Round "1"]
[White "Vysochin,S"]
[Black "Pavlov,Mirc"]
[Result "1-0"]
[WhiteElo "2583"]
[BlackElo "2364"]

1.e4 c5 2.c3 Nf6 3.e5 Nd5 4.Nf3 e6 5.Bc4 d6 6.d4 cxd4 7.cxd4 Be7 8.O-O Nc6
9.Qe2 O-O 10.Re1 b6 11.Nc3 Nxc3 12.bxc3 dxe5 13.dxe5 Bb7 14.Bd3 Qc7 15.Bf4 Rfd8
16.Rac1 Rd7 17.h4 Rad8 18.Bc2 a6 19.h5 Na5 20.Nd4 Qc4 21.Bd3 Qd5 22.Qg4 Kh8
23.Re3 Nc4 24.Rg3 Rg8 25.Re1 b5 26.h6 g6 27.Bxc4 bxc4 28.Bg5 Qc5 29.Qf4 Rgd8
30.Bf6+ Kg8 31.Nxe6 fxe6 32.Rxg6+ hxg6 33.h7+ Kxh7 34.Qh4+  1-0

[Event "30th Elekes Mem GM"]
[Site "Budapest HUN"]
[Date "2005.05.24"]
[Round "4"]
[White "Boros,De"]
[Black "Paschall,W"]
[Result "1-0"]
[WhiteElo "2402"]
[BlackElo "2400"]

1.e4 c5 2.c3 Nf6 3.e5 Nd5 4.Bc4 Nb6 5.Bb3 c4 6.Bc2 Nc6 7.Nf3 Qc7 8.Qe2 g5
9.h3 Bg7 10.O-O Nxe5 11.Nxg5 h6 12.Nf3 Nxf3+ 13.Qxf3 Qc6 14.Qg3 Bf6 15.a4 Kf8
16.d4 cxd3 17.Qxd3 Nc4 18.Nd2 Nxd2 19.Bxd2 d6 20.Bb3 Qc5 21.Bd5 e6 22.Ba2 Bd7
23.Bf4 d5 24.Be3 Qd6 25.Bb3 Bc6 26.Qd2 h5 27.Bd4 e5 28.Be3 Rg8 29.f3 d4 30.cxd4 exd4
31.Bh6+ Bg7 32.Bf4 Be5 33.Bxe5 Qxe5 34.Qh6+ Rg7 35.Qh8+ Ke7 36.Qxa8  1-0

[Event "TCh-IRI"]
[Site "Tehran IRI"]
[Date "2005.05.26"]
[Round "1"]
[White "Paridar,S"]
[Black "Khaghani,B"]
[Result "0-1"]
[WhiteElo "2263"]
[BlackElo "2243"]

1.e4 c5 2.c3 Nf6 3.e5 Nd5 4.d4 cxd4 5.Nf3 e6 6.cxd4 b6 7.Nc3 Nxc3 8.bxc3 Qc7
9.Bd2 Bb7 10.Bd3 d6 11.O-O Nd7 12.exd6 Bxd6 13.c4 O-O 14.Re1 Bf4 15.Bc3 Rfd8
16.Rb1 Rac8 17.Qe2 Qc6 18.Qb2 Nc5 19.Bc2 Na4 20.Bxa4 Qxa4 21.d5 Qxc4 22.Bxg7 Rxd5
23.Bh8 Bh6 24.Ne5 Qc2 25.Nxf7 Bf8 26.Qf6 Rf5 27.Qd4 Rxf7 28.Rb3 Bg7 29.Bxg7 Rxg7
30.Rg3 Rxg3 31.hxg3 Qc4 32.Qf6 Qd5 33.f3 Rf8 34.Qh6 Qd4+ 35.Kh2 Rf6 36.Qh5 Qd2
37.Qe8+ Kg7 38.Qe7+ Rf7 39.Qxe6 Bxf3 40.Qe5+ Rf6  0-1

[Event "TCh-IRI"]
[Site "Tehran IRI"]
[Date "2005.05.26"]
[Round "1"]
[White "Khakpoor,A"]
[Black "Ryahi,N"]
[Result "0-1"]
[WhiteElo "2281"]
[BlackElo "2269"]

1.e4 c5 2.c3 Nf6 3.e5 Nd5 4.d4 cxd4 5.Nf3 e6 6.cxd4 b6 7.Nc3 Nxc3 8.bxc3 Qc7
9.Bd2 d6 10.Bd3 Nd7 11.O-O dxe5 12.Ng5 Nf6 13.dxe5 Qxe5 14.Qf3 Bd6 15.g3 Rb8
16.Bf4 Qc5 17.Bxd6 Qxd6 18.Bb5+ Ke7 19.Rad1 Qe5 20.h4 Qxb5 21.Qf4 Qc6 22.Qb4+ Qc5
23.Qf4 Rb7 24.Rfe1 Rd8 25.Rxd8 Kxd8 26.Re5 Qxc3 27.Re3 Qa1+ 28.Kh2 Rd7 29.Qb4 Bb7
30.Re1 Qxa2 31.Qf8+ Kc7 32.Rc1+ Bc6 33.Kh3 Qxf2 34.Rxc6+ Kxc6 35.Qc8+ Kb5
36.Qc1 Rd2 37.Qb1+ Kc4 38.Qc1+ Kb5 39.Qb1+ Ka6  0-1

[Event "TCh-ROM A"]
[Site "Tusnad ROM"]
[Date "2005.05.26"]
[Round "6"]
[White "Vajda,L"]
[Black "Delchev,A"]
[Result "1/2-1/2"]
[WhiteElo "2541"]
[BlackElo "2614"]

1.e4 c5 2.c3 Nf6 3.e5 Nd5 4.d4 cxd4 5.Nf3 e6 6.cxd4 d6 7.Bc4 Nb6 8.Bd3 Nc6
9.a3 dxe5 10.dxe5 Nd7 11.Bf4 Nc5 12.Bc2 Qxd1+ 13.Kxd1 a5 14.Nc3 Be7 15.Ke2 b6
16.Rhd1 Ba6+ 17.Ke1 O-O 18.Ne4 Rad8 19.Nxc5 Bxc5 20.Bg5 Nd4 21.Nxd4 Rxd4
22.Be3 Rxd1+ 23.Rxd1 Bxe3 24.fxe3 Rb8 25.Rd6 Kf8 26.Ba4 Bc4 27.Bc6 Bb3 28.Kd2 Rc8
29.Bb7 Rb8 30.Rd7 Ba4 31.Rc7 Rd8+ 32.Ke2 Bb5+ 33.Kf3 Rd2 34.b3 Rd3 35.a4 Be8
36.Ba6 Rxb3 37.Rc8 Ke7 38.Rc7+ Kd8 39.Rc8+ Ke7 40.Rc7+  1/2-1/2

[Event "14th CRO-Cup"]
[Site "Sibenik CRO"]
[Date "2005.06.02"]
[Round "5"]
[White "Pavasovic,D"]
[Black "Cvitan,O"]
[Result "1/2-1/2"]
[WhiteElo "2593"]
[BlackElo "2481"]

1.e4 c5 2.c3 Nf6 3.e5 Nd5 4.Nf3 Nc6 5.d4 cxd4 6.cxd4 d6 7.Bc4 e6 8.O-O Be7
9.Qe2 O-O 10.Rd1 Bd7 11.exd6 Bxd6 12.Nc3 Nce7 13.Ne5 Nxc3 14.bxc3 Rc8 15.Bd2 Bxe5
16.dxe5 Qc7  1/2-1/2

[Event "14th CRO-Cup"]
[Site "Sibenik CRO"]
[Date "2005.06.02"]
[Round "6"]
[White "Sermek,D"]
[Black "Kutuzovic,B"]
[Result "1-0"]
[WhiteElo "2555"]
[BlackElo "2364"]

1.e4 c5 2.c3 Nf6 3.e5 Nd5 4.Nf3 d6 5.Bc4 Nb6 6.Bb3 c4 7.Bc2 Nc6 8.exd6 Bg4
9.h3 Bh5 10.Qe2 Bxf3 11.Qxf3 Qxd6 12.Na3 e6 13.O-O Qd7 14.b3 cxb3 15.axb3 Be7
16.d4 O-O 17.Nc4 Nd5 18.Bd2 Rfd8 19.Rfd1 Qc7 20.Be4 a6 21.Bxd5 Rxd5 22.Bf4 Qd8
23.Ne3 Rd7 24.d5 exd5 25.Nxd5 Bd6 26.Be3 Rb8 27.Nb6 Re7 28.Nc4 Ne5 29.Nxe5 Rxe5
30.Bf4 Qf6 31.Bxe5 Qxf3 32.Bxd6 Qxc3 33.Bxb8 h6 34.Rab1 a5 35.Bf4 Qb4 36.Bd2 Qb5
37.Ra1 b6 38.Be3  1-0

[Event "14th CRO-Cup"]
[Site "Sibenik CRO"]
[Date "2005.06.03"]
[Round "7"]
[White "Pavasovic,D"]
[Black "Rezan,S"]
[Result "1/2-1/2"]
[WhiteElo "2593"]
[BlackElo "2424"]

1.e4 c5 2.c3 Nf6 3.e5 Nd5 4.Nf3 d6 5.Bc4 Nb6 6.Bb3 c4 7.Bc2 dxe5 8.Nxe5 N8d7
9.Qh5 g6 10.Qe2 Nxe5 11.Qxe5 f6 12.Qe2 Qd5 13.O-O Bf5 14.Bxf5 Qxf5 15.Na3 Rc8
16.Re1 Rc5 17.b3 Re5 18.Qf1 Rxe1 19.Qxe1 e5 20.Qf1 Bxa3 21.Bxa3 Qd3 22.Re1 Qxf1+
23.Kxf1 Kf7 24.Bc5 Nd7 25.Be3 Rc8 26.f3 g5 27.Rb1 b6 28.b4 Ke6 29.a4 a6 30.Ke2 h6
31.h4 Rg8 32.Rh1 Kf5 33.g4+ Ke6 34.d3 cxd3+ 35.Kxd3 Rc8 36.hxg5 hxg5 37.Kc2 b5
38.axb5 axb5 39.Ra1 Kd5 40.Ra7 Kc6 41.Kd3 e4+ 42.fxe4 Ne5+ 43.Ke2 Nxg4 44.Bd4 Re8
45.Kf3 Ne5+ 46.Bxe5 fxe5 47.Rg7 Ra8 48.Ke3 Rh8 49.Rxg5 Rh3+ 50.Kd2 Rh2+ 51.Kd3 Rh3+
52.Kc2 Kd6 53.Rg6+ Kc7 54.Re6 Rh2+ 55.Kd1 Rh1+ 56.Ke2 Rh2+ 57.Kd3 Rh3+ 58.Kc2 Rh2+
59.Kb3 Rh5 60.Ka3 Rg5 61.Kb3 Rh5 62.Re8 Rg5 63.Kc2 Rg2+ 64.Kd1 Rg1+ 65.Ke2 Rg2+
66.Kf3 Rc2 67.Rxe5 Rxc3+ 68.Kf4 Kb6 69.Re6+ Kc7 70.Re7+ Kb6 71.Re8 Rb3 72.e5 Rxb4+
73.Kf5 Rb1 74.e6 Rf1+ 75.Ke5 Kc7 76.Rh8 Re1+ 77.Kf6 Rf1+ 78.Ke7 Re1 79.Rh6 Kb6
80.Kf7 Kc5 81.e7 b4 82.Rh1 Re2 83.Rh2 Re1 84.Rh8 b3 85.e8=Q Rxe8 86.Rxe8 Kd4
87.Ke6 b2 88.Rb8 Kc3  1/2-1/2

[Event "FSGM June"]
[Site "Budapest HUN"]
[Date "2005.06.05"]
[Round "2"]
[White "Boros,De"]
[Black "Hoffmann,Mi1"]
[Result "1-0"]
[WhiteElo "2402"]
[BlackElo "2476"]

1.e4 c5 2.c3 Nf6 3.e5 Nd5 4.d4 cxd4 5.Nf3 e6 6.cxd4 b6 7.Nc3 Nxc3 8.bxc3 Qc7
9.Bd2 d6 10.Bd3 Nd7 11.Ng5 Bb7 12.O-O dxe5 13.Qh5 g6 14.Qh3 Be7 15.Rae1 Bd5
16.f4 Bxg5 17.fxg5 Bc4 18.Bxc4 Qxc4 19.dxe5 O-O 20.Rf4 Qc5+ 21.Kh1 Nxe5 22.Rh4 h5
23.gxh6 Rad8 24.Rd4 Nc6 25.Qh4 Qe7 26.h7+ Kh8 27.Rxd8 Qxd8 28.Bg5 f6 29.Bh6 Re8
30.Rf1 g5 31.Qe4 Ne5 32.Bxg5 Nd7 33.Qg6 Qe7 34.Rxf6 Rf8 35.Rf3 Qe8 36.Qxe8  1-0

[Event "TCh-BIH Prem"]
[Site "Neum BIH"]
[Date "2005.06.05"]
[Round "2"]
[White "Filipovic,Br"]
[Black "Solomunovic,I"]
[Result "1-0"]
[WhiteElo "2381"]
[BlackElo "2416"]

1.e4 c5 2.c3 Nf6 3.e5 Nd5 4.Nf3 Nc6 5.d4 cxd4 6.cxd4 e6 7.Bc4 d6 8.O-O Be7
9.exd6 Qxd6 10.Nc3 O-O 11.Re1 a6 12.Bb3 Nxc3 13.bxc3 b5 14.Ng5 Na5 15.Bc2 Bxg5
16.Bxg5 Bb7 17.Bf6 gxf6 18.Qg4+ Kh8 19.Qh4 f5 20.Qf6+ Kg8 21.Qg5+ Kh8 22.Qf6+ Kg8
23.Re3 Rfd8 24.Qh6 Rac8 25.Rd1 b4 26.Rg3+ Qxg3 27.hxg3 bxc3 28.g4 Be4 29.gxf5 exf5
30.Bxe4 fxe4 31.Qg5+ Kf8 32.Qxa5 c2 33.Qb4+ Kg8 34.Rc1 Rd7 35.Qd2  1-0